[Event "Geraardsbergen op 26th"]
[Site "Geraardsbergen"]
[Date "2010.08.12"]
[Round "4"]
[White "Legemaat, Gert"]
[Black "Verhelst, Joris"]
[Result "0-1"]
[WhiteElo "2230"]
[BlackElo "1831"]
[PlyCount "64"]
[EventDate "2010.08.11"]
[EventType "swiss"]
[EventRounds "9"]
[EventCountry "BEL"]
[SourceTitle "CBM 138 Extra"]
[Source "ChessBase"]
[SourceDate "2010.10.29"]
[SourceVersion "1"]
[SourceVersionDate "2010.10.29"]
[SourceQuality "1"]

1. d4 d5 2. c4 e6 3. Nc3 Nf6 4. cxd5 Nxd5 5. e4 Nxc3 6. bxc3 c5 7. Nf3 cxd4 8. cxd4 Bb4+ 9. Bd2 Bxd2+ 10. Qxd2 0-0 11. Be2 b6 12. 0-0 Bb7 13. Qe3 Re8 14. Rfd1 Nc6 15. Rac1 Rc8 16. Bb5 a6 17. Bxc6 Bxc6 18. Ne5 Bb7 19. Qf4 f6 20. Nc4 Re7 21. Nd6 Rcc7 22. e5 f5 23. h4 Bd5 24. a3 h6 25. Qg3 Rxc1 26. Rxc1 Rc7 27. Rxc7 Qxc7 28. h5 Qc1+ 29. Kh2 Qd2 30. Ne8 Kf8 31. Nd6 Qxd4 32. Qg6 Qxe5+ 0-1